[Event "NAYCC U16"]
[Site "Kingston CAN"]
[Date "2025.08.18"]
[Round "2.5"]
[White "Wu, Jonathan"]
[Black "Hong, Zihan"]
[Result "1-0"]
[WhiteElo "2130"]
[BlackElo "1881"]
[WhiteFideId "-1"]
[WhiteFideId "-1"]
[PlyCount "127"]
[GameId "2215800120070531"]
[EventDate "2025.08.18"]
[EventType "swiss"]
[EventRounds "9"]
[EventCountry "CAN"]

1. e4 c5 2. Nf3 d6 3. d4 cxd4 4. Nxd4 Nf6 5. Nc3 g6 6. Be3 Bg7 7. f3 Nc6 8. Qd2 O-O 9. O-O-O d5 10. exd5 Nxd5 11. Nxc6 bxc6 12. Bd4 e5 13. Bc5 Be6 14. Ne4 Re8 15. Bc4 h6 16. g4 Qc7 17. h4 Nf4 18. Bb3 Bxb3 19. axb3 Red8 20. Qf2 Rd5 21. Nc3 Rxd1+ 22. Rxd1 Ne6 23. h5 Qa5 24. Na4 Nd4 25. hxg6 fxg6 26. Qe3 Kh7 27. Kb1 Rd8 28. Rh1 Rd5 29. Be7 Ne6 30. Nc3 Rd7 31. Bg5 Nxg5 32. Qxg5 Qd8 33. Qe3 Qf8 34. Ne4 Qf4 35. Qc5 Rc7 36. Qd6 Rf7 37. Qxc6 Bf6 38. Qe8 Be7 39. g5 h5 40. Nf6+ Rxf6 41. gxf6 Qxf6 42. Qd7 a6 43. c4 Kh6 44. Qd5 Qf5+ 45. Ka2 Qf4 46. c5 Qf6 47. c6 Bd6 48. Rc1 Bc7 49. Qd7 Qf4 50. Rc4 e4 51. Rxe4 Qxf3 52. Qd2+ Kg7 53. Re7+ Kf6 54. Rxc7 h4 55. Qd8+ Ke5 56. Re7+ Kf4 57. Rf7+ Kg3 58. Rxf3+ Kxf3 59. Qxh4 g5 60. Qxg5 a5 61. Qxa5 Ke4 62. Qc5 Kf3 63. b4 Ke4 64. b5 1-0

[Event "NAYCC U16"]
[Site "Kingston CAN"]
[Date "2025.08.18"]
[Round "2.6"]
[White "Iordanescu, Victor Nicolae"]
[Black "Yang, Larry"]
[Result "0-1"]
[WhiteElo "1901"]
[BlackElo "2108"]
[WhiteFideId "-1"]
[WhiteFideId "-1"]
[PlyCount "66"]
[GameId "2215800120070532"]
[EventDate "2025.08.18"]
[EventType "swiss"]
[EventRounds "9"]
[EventCountry "CAN"]

1. Nf3 Nf6 2. g3 g6 3. Bg2 Bg7 4. O-O O-O 5. d4 d5 6. c4 c6 7. Nc3 dxc4 8. e4 Nbd7 9. Qe2 e5 10. dxe5 Ng4 11. e6 Nde5 12. h3 Nxf3+ 13. Bxf3 Ne5 14. exf7+ Rxf7 15. Bg2 Nd3 16. Be3 Qa5 17. Nd1 Be6 18. f4 Raf8 19. Kh2 h5 20. h4 Bg4 21. Qc2 Bxd1 22. Rfxd1 Nxb2 23. Rd6 Qa3 24. Rxg6 Qxe3 25. f5 c3 26. Qb3 Kh7 27. Rf1 Rf6 28. Qxb7 R8f7 29. Qb3 Qd2 30. Rg5 Nd3 31. Rd1 Nc1 32. Rxh5+ Bh6 33. Qa4 Qe3 0-1

[Event "NAYCC U16"]
[Site "Kingston CAN"]
[Date "2025.08.18"]
[Round "2.7"]
[White "Mummidi, Aaryan"]
[Black "Xu, Leon"]
[Result "1/2-1/2"]
[WhiteElo "1884"]
[BlackElo "2045"]
[WhiteFideId "-1"]
[WhiteFideId "-1"]
[PlyCount "149"]
[GameId "2215800120070533"]
[EventDate "2025.08.18"]
[EventType "swiss"]
[EventRounds "9"]
[EventCountry "CAN"]

1. d4 d5 2. c4 c6 3. Nf3 Nf6 4. Nc3 e6 5. Bg5 Be7 6. e3 Nbd7 7. Qc2 h6 8. Bh4 b6 9. Bd3 Bb7 10. O-O O-O 11. Rad1 Rc8 12. e4 dxe4 13. Nxe4 Nxe4 14. Bxe7 Qxe7 15. Bxe4 Nf6 16. Rfe1 Nxe4 17. Qxe4 c5 18. d5 Qc7 19. Qh4 Rfd8 20. dxe6 Rxd1 21. exf7+ Qxf7 22. Rxd1 Bxf3 23. gxf3 Qxf3 24. Rd8+ Rxd8 25. Qxd8+ Kh7 26. Qd7 h5 27. h3 h4 28. b3 a5 29. Qe6 g5 30. Qe7+ Kg6 31. Qe6+ Qf6 32. Qe8+ Kf5 33. Qc8+ Qe6 34. Qf8+ Ke4 35. Kg2 Ke5 36. Qg7+ Qf6 37. Qc7+ Kd4 38. Qh7 Qc6+ 39. Kg1 Qe6 40. Qg7+ Qe5 41. Qh6 Qe1+ 42. Kg2 Qe4+ 43. Kg1 Qb1+ 44. Kg2 Qxa2 45. Qxb6 a4 46. Qf6+ Kd3 47. Qf3+ Kc2 48. bxa4 Qxc4 49. a5 Qb5 50. Qa3 Qb7+ 51. Qf3 Qa7 52. Qe2+ Kc3 53. a6 Kb4 54. Qe4+ Ka5 55. Qc4 Kb6 56. Qe6+ Kb5 57. Qe2+ c4 58. Qe5+ Kxa6 59. Qa1+ Kb7 60. Qg7+ Ka8 61. Qg8+ Qb8 62. Qxc4 Qb7+ 63. Kg1 Qe7 64. Qc6+ Kb8 65. Kg2 Qe5 66. Qb6+ Kc8 67. Qc6+ Kd8 68. Qb7 Ke8 69. Kg1 Kf8 70. Kg2 Kg8 71. Kg1 Qf5 72. Kg2 Kh8 73. Qe7 Qd5+ 74. Kh2 Qf3 75. Qxg5 1/2-1/2

[Event "NAYCC U16"]
[Site "Kingston CAN"]
[Date "2025.08.18"]
[Round "2.8"]
[White "McCallum, Elliot"]
[Black "Dhaliwal, Jaipreet Singh"]
[Result "1/2-1/2"]
[WhiteElo "1882"]
[BlackElo "2036"]
[WhiteFideId "-1"]
[WhiteFideId "-1"]
[PlyCount "133"]
[GameId "2215800120074630"]
[EventDate "2025.08.18"]
[EventType "swiss"]
[EventRounds "9"]
[EventCountry "CAN"]

1. e4 c5 2. c3 d5 3. exd5 Qxd5 4. d4 Nf6 5. Nf3 e6 6. Na3 Nc6 7. Be3 cxd4 8. Nb5 Qd7 9. Nbxd4 Nd5 10. Bd2 Be7 11. Nxc6 bxc6 12. c4 Nb4 13. Bc3 Qxd1+ 14. Kxd1 c5 15. a3 Nc6 16. Bxg7 Rg8 17. Bc3 Bb7 18. Kc2 a5 19. Rg1 f6 20. Bd3 h5 21. Rae1 Kf7 22. Be4 a4 23. h3 Rac8 24. g4 Nd8 25. Nd2 hxg4 26. hxg4 Bxe4+ 27. Nxe4 Nc6 28. f4 Rcd8 29. g5 Nd4+ 30. Bxd4 Rxd4 31. Kc3 f5 32. Nf2 Rxf4 33. Nd3 Re4 34. Rxe4 fxe4 35. g6+ Ke8 36. Nf4 Bf6+ 37. Kc2 Ke7 38. Nh5 Bd4 39. Rg2 Rb8 40. Kc1 e3 41. Nf4 Kf6 42. g7 Kf7 43. Nxe6 Re8 44. Kd1 Bf6 45. g8=Q+ Rxg8 46. Rxg8 Kxg8 47. Nxc5 Bxb2 48. Nxa4 Bxa3 49. Ke2 Kf7 50. Kxe3 Ke6 51. Kd4 Kd6 52. Nc3 Bb2 53. Kd3 Bxc3 54. Kxc3 Kc5 55. Kb3 Kc6 56. Kb4 Kb6 57. c5+ Kc6 58. Kc4 Kc7 59. Kd5 Kd7 60. c6+ Kc7 61. Kc5 Kc8 62. Kb6 Kb8 63. Kb5 Kc7 64. Kc5 Kc8 65. Kd6 Kd8 66. c7+ Kc8 67. Kc6 1/2-1/2

[Event "NAYCC U16"]
[Site "Kingston CAN"]
[Date "2025.08.18"]
[Round "2.9"]
[White "Kurup, Siddharth"]
[Black "Manivannan, Prajit"]
[Result "1/2-1/2"]
[WhiteElo "2022"]
[BlackElo "1809"]
[WhiteFideId "-1"]
[WhiteFideId "-1"]
[PlyCount "63"]
[GameId "2215800120074631"]
[EventDate "2025.08.18"]
[EventType "swiss"]
[EventRounds "9"]
[EventCountry "CAN"]

1. d4 Nf6 2. c4 e6 3. Nc3 Bb4 4. e3 b6 5. f3 c5 6. d5 exd5 7. cxd5 d6 8. Bd3 O-O 9. Nge2 Bb7 10. e4 Re8 11. O-O a6 12. a4 Nbd7 13. Bg5 Rc8 14. Kh1 h6 15. Bh4 Ne5 16. f4 Ng6 17. Bg3 Qd7 18. h3 Re7 19. f5 Nf8 20. Bh4 N8h7 21. Ng3 Ree8 22. Nce2 b5 23. axb5 axb5 24. Nf4 c4 25. Bc2 Ng5 26. Bxg5 hxg5 27. Nfh5 Qe7 28. Nxf6+ Qxf6 29. Qg4 Bc5 30. Nh5 Qh6 31. Ng3 Qh4 32. Qf3 1/2-1/2

[Event "NAYCC U16"]
[Site "Kingston CAN"]
[Date "2025.08.18"]
[Round "2.10"]
[White "Li, Edward"]
[Black "Wang, Nathan"]
[Result "0-1"]
[WhiteElo "1844"]
[BlackElo "1994"]
[WhiteFideId "-1"]
[WhiteFideId "-1"]
[PlyCount "58"]
[GameId "2215800120013161"]
[EventDate "2025.08.18"]
[EventType "swiss"]
[EventRounds "9"]
[EventCountry "CAN"]

1. e4 c5 2. Nc3 Nc6 3. Bb5 Nd4 4. Nf3 e6 5. O-O a6 6. Bd3 Nc6 7. Re1 d6 8. Bf1 g5 9. d3 g4 10. Nd2 h5 11. f4 Nge7 12. Nb3 Bg7 13. Be3 Nd4 14. Ne2 Nxe2+ 15. Bxe2 Bxb2 16. Rb1 Bc3 17. Rf1 Bg7 18. d4 b6 19. Qe1 Qc7 20. c4 Bb7 21. d5 O-O-O 22. a4 a5 23. Bd2 Qd7 24. Nc1 Kc7 25. Qd1 Ba8 26. Rb5 f5 27. Qe1 Bb7 28. dxe6 Qxe6 29. exf5 Qe4 {Time} 0-1

[Event "NAYCC U16"]
[Site "Kingston CAN"]
[Date "2025.08.18"]
[Round "2.11"]
[White "Zhang, Brian"]
[Black "Tseng, Bradley"]
[Result "1/2-1/2"]
[WhiteElo "1985"]
[BlackElo "1786"]
[WhiteFideId "-1"]
[WhiteFideId "-1"]
[PlyCount "42"]
[GameId "2215800120017258"]
[EventDate "2025.08.18"]
[EventType "swiss"]
[EventRounds "9"]
[EventCountry "CAN"]

1. e4 c5 2. Nf3 Nc6 3. d4 cxd4 4. Nxd4 Nf6 5. Nc3 e5 6. Ndb5 d6 7. Bg5 a6 8. Na3 b5 9. Nd5 Be7 10. Bxf6 Bxf6 11. c3 Ne7 12. Nc2 Nxd5 13. exd5 O-O 14. a4 Bd7 15. axb5 axb5 16. Be2 Qb6 17. O-O g6 18. Nb4 Ra4 19. Qd3 Rfa8 20. Rad1 R8a7 21. Rfe1 Bg7 1/2-1/2

[Event "NAYCC U16"]
[Site "Kingston CAN"]
[Date "2025.08.18"]
[Round "2.12"]
[White "Qian, Eric"]
[Black "Chen, Larry"]
[Result "1-0"]
[WhiteElo "1967"]
[BlackElo "1742"]
[WhiteFideId "-1"]
[WhiteFideId "-1"]
[PlyCount "103"]
[GameId "2215800120017259"]
[EventDate "2025.08.18"]
[EventType "swiss"]
[EventRounds "9"]
[EventCountry "CAN"]

1. Nf3 Nf6 2. c4 e6 3. g3 d5 4. Bg2 dxc4 5. Qa4+ Nbd7 6. Qxc4 a6 7. Qc2 c5 8. O-O b5 9. a4 Bb7 10. Nc3 b4 11. Nb1 a5 12. d3 Be7 13. Nbd2 O-O 14. b3 Nb6 15. Bb2 Nfd5 16. Ne5 Qc7 17. Rac1 Rfc8 18. Ndf3 f6 19. Nc4 Nxc4 20. Qxc4 Qd7 21. Qc2 Nb6 22. Rfd1 Bd5 23. Nd2 Qb7 24. e4 Bc6 25. Nc4 Qa6 26. Nxb6 Qxb6 27. Qc4 Bb7 28. d4 cxd4 29. Bxd4 Rxc4 30. Bxb6 Rc3 31. Bd4 Rac8 32. Bxc3 bxc3 33. Rd7 Ba3 34. Rxc3 Rxc3 35. Rxb7 Bb4 36. Bf1 Rxb3 37. Bc4 Ra3 38. Bxe6+ Kf8 39. Rf7+ Kg8 40. Rxf6+ Kh8 41. Rf7 Rxa4 42. Ra7 g6 43. Kg2 Bc5 44. Ra8+ Kg7 45. Bd5 Ra1 46. g4 g5 47. e5 h6 48. Rg8+ Kh7 49. Rc8 Bd4 50. Rc7+ Kh8 51. e6 Re1 52. e7 1-0

[Event "NAYCC U16"]
[Site "Kingston CAN"]
[Date "2025.08.18"]
[Round "2.13"]
[White "Velasquez, Noah"]
[Black "Kilari, Dattasai"]
[Result "1-0"]
[WhiteElo "1774"]
[BlackElo "1949"]
[WhiteFideId "-1"]
[WhiteFideId "-1"]
[PlyCount "199"]
[GameId "2215800120021356"]
[EventDate "2025.08.18"]
[EventType "swiss"]
[EventRounds "9"]
[EventCountry "CAN"]

1. e4 c6 2. d4 d5 3. Nc3 dxe4 4. Nxe4 Nf6 5. Qd3 Nbd7 6. Nf3 Nxe4 7. Qxe4 Nf6 8. Qd3 g6 9. Bf4 Bg7 10. Be2 O-O 11. O-O Bf5 12. Qb3 b6 13. Rfd1 h6 14. Ne5 Qe8 15. Bf3 Rc8 16. Qa4 Nd5 17. Bg3 a5 18. a3 b5 19. Qxa5 Bxc2 20. Rdc1 Bf5 21. Nxc6 Rxc6 22. Bxd5 Rxc1+ 23. Rxc1 Qd7 24. Rc5 Bxd4 25. Rxb5 Rc8 26. h4 e6 27. Bf3 Qe7 28. Qb4 Qf6 29. Rb8 Rxb8 30. Qxb8+ Kg7 31. b4 e5 32. Qa8 g5 33. Qc6 Be6 34. h5 g4 35. Bd5 Bxd5 36. Qxd5 Qf5 37. b5 Kh7 38. b6 Bxb6 39. Qxe5 Bxf2+ 40. Kf1 Qxe5 41. Bxe5 Ba7 42. Bf6 Kg8 43. Ke2 Kf8 44. Kd3 Ke8 45. Bg7 Ke7 46. Bxh6 Kf6 47. Be3 Bb8 48. a4 Bc7 49. Ke4 Ke6 50. h6 f5+ 51. Kd3 Kf6 52. Bd2 f4 53. Ke4 f3 54. gxf3 g3 55. f4 Kg6 56. Kf3 Kxh6 57. Kxg3 Kg6 58. Kg4 Kf6 59. f5 Bb6 60. Bc3+ Ke7 61. Kg5 Kd7 62. Kg6 Bd8 63. Kf7 Bh4 64. Bd4 Bd8 65. Bf6 Bb6 66. Kg6 Ba5 67. Bd4 Bd8 68. Kh5 Kd6 69. Kg4 Kd5 70. Bc3 Kc6 71. Kf4 Kd5 72. Ke3 Kd6 73. Kd3 Kc5 74. a5 Kb5 75. Ke4 Kc6 76. Kd4 Bf6+ 77. Kc4 Bd8 78. Bb4 Bh4 79. Bc5 Bd8 80. a6 Bh4 81. Bd4 Bd8 82. Kd3 Bh4 83. Ke4 Be7 84. Ke5 Bd8 85. Ke6 Bh4 86. Kf7 Bg3 87. Ke7 Bh4+ 88. Ke8 Bg5 89. Bf2 Bf6 90. Kf7 Bg5 91. Bc5 Bd2 92. Ke8 Bg5 93. Be7 Bh6 94. f6 Kb6 95. f7 Kxa6 96. Kd7 Kb7 97. Ke6 Kc8 98. Kf5 Kd7 99. Ba3 Bg7 100. Kg6 1-0

[Event "NAYCC U16"]
[Site "Kingston CAN"]
[Date "2025.08.18"]
[Round "2.15"]
[White "Paragua, Dominic Nathan"]
[Black "Harit, Neil"]
[Result "1-0"]
[WhiteElo "2041"]
[BlackElo "1620"]
[WhiteFideId "-1"]
[WhiteFideId "-1"]
[PlyCount "127"]
[GameId "2215800120033646"]
[EventDate "2025.08.18"]
[EventType "swiss"]
[EventRounds "9"]
[EventCountry "CAN"]

1. e4 c5 2. Nf3 Nc6 3. c3 Nf6 4. e5 Nd5 5. Bc4 e6 6. O-O Be7 7. Qe2 d6 8. exd6 Qxd6 9. a4 O-O 10. Na3 Bf6 11. Nc2 b6 12. Rd1 Na5 13. d4 Nxc4 14. Qxc4 cxd4 15. Ncxd4 Bb7 16. Nb5 Qe7 17. Qg4 Rfd8 18. Nbd4 Rac8 19. Re1 Qc7 20. Nb5 Qb8 21. c4 Nb4 22. Rf1 a6 23. Nc3 Nc2 24. Rb1 Nd4 25. Nd2 Be5 26. h4 f5 27. Qh3 Qa8 28. f4 Bf6 29. Kh2 e5 30. fxe5 Bxe5+ 31. Kg1 Rc6 32. h5 Rcc8 33. b4 b5 34. c5 Nc2 35. Nd1 Bd4+ 36. Kh2 Qb8+ 37. Kh1 Kh8 38. axb5 axb5 39. Nf3 Be4 40. Nxd4 Nxd4 41. Rb2 Qe5 42. Bf4 Qf6 43. Rbf2 Qc6 44. h6 g6 45. Rd2 Ne6 46. Bd6 Rd7 47. Kg1 Re8 48. Qc3+ Kg8 49. Ne3 Rc8 50. Qf6 Re8 51. Rc1 Rf7 52. Qc3 f4 53. Ng4 Rf5 54. Nf6+ Kf7 55. Nxe8 f3 56. Ra1 fxg2 57. Rf2 Bf3 58. Qh8 Ng5 59. Qg7+ Ke6 60. Qe7+ Kd5 61. Rd2+ Kc4 62. Rc1+ Kxb4 63. Rb2+ Ka3 64. Qe3+ 1-0

[Event "NAYCC U16"]
[Site "Kingston CAN"]
[Date "2025.08.18"]
[Round "2.17"]
[White "Guliyev, Nadir"]
[Black "Pollitt, Henry"]
[Result "1/2-1/2"]
[WhiteElo "1693"]
[BlackElo "1813"]
[WhiteFideId "-1"]
[WhiteFideId "-1"]
[PlyCount "115"]
[GameId "2215800120037744"]
[EventDate "2025.08.18"]
[EventType "swiss"]
[EventRounds "9"]
[EventCountry "CAN"]

1. d4 d5 2. c4 c6 3. Nc3 Nf6 4. cxd5 cxd5 5. Bf4 Nc6 6. e3 a6 7. Bd3 Bg4 8. Nge2 e6 9. O-O Bd6 10. f3 Bh5 11. Bxd6 Qxd6 12. Nf4 Bg6 13. Nxg6 hxg6 14. f4 b5 15. Rc1 O-O 16. Rf3 Rfc8 17. Rh3 Ne7 18. a3 b4 19. axb4 Qxb4 20. Qe2 Nf5 21. Bxa6 Rc6 22. Bd3 Nd6 23. Qf2 Nf5 24. Qe2 Rb8 25. Rc2 Rbc8 26. Rf3 Qb3 27. Rf2 Nd6 28. g3 Nde4 29. Nxe4 dxe4 30. Rxc6 Rxc6 31. Bb1 Nd5 32. Bxe4 Rc1+ 33. Kg2 Nxe3+ 34. Kh3 Nf5 35. Bxf5 gxf5 36. Rf3 Qd1 37. Qd3 Qg1 38. Qe3 Qxe3 39. Rxe3 Rd1 40. Rb3 Rxd4 41. Rb8+ Kh7 42. b4 Kg6 43. Kg2 Rd2+ 44. Kf3 Rxh2 45. b5 Rb2 46. b6 f6 47. b7 e5 48. Ke3 exf4+ 49. gxf4 Kh7 50. Kf3 Rb3+ 51. Kf2 g5 52. Kg2 gxf4 53. Kf2 f3 54. Rf8 Rxb7 55. Rxf6 Rb5 56. Kxf3 Kg7 57. Ra6 Rb4 58. Rc6 1/2-1/2

[Event "NAYCC U16"]
[Site "Kingston CAN"]
[Date "2025.08.18"]
[Round "2.18"]
[White "Sethi, Aaron"]
[Black "Yancey, Alice"]
[Result "0-1"]
[WhiteElo "1811"]
[BlackElo "1710"]
[WhiteFideId "-1"]
[WhiteFideId "-1"]
[PlyCount "104"]
[GameId "2215800120041841"]
[EventDate "2025.08.18"]
[EventType "swiss"]
[EventRounds "9"]
[EventCountry "CAN"]

1. e4 c5 2. c3 d5 3. exd5 Qxd5 4. d4 Nf6 5. Nf3 Nc6 6. Na3 e6 7. Nb5 Qd8 8. dxc5 Bxc5 9. Qxd8+ Kxd8 10. Bg5 Ke7 11. b4 Bb6 12. Na3 Bd7 13. Nc4 Bc7 14. Bd3 Rac8 15. O-O b5 16. Na3 a6 17. Rfe1 h6 18. Bh4 Rhd8 19. Rad1 g5 20. Bg3 Bxg3 21. fxg3 Be8 22. h3 Nd5 23. Bb1 Nxc3 24. Rxd8 Rxd8 25. Nc2 Kf6 26. Ne3 Nxb4 27. a3 Nbd5 28. Ng4+ Kg7 29. h4 gxh4 30. gxh4 Nxb1 31. Rxb1 Rc8 32. Nfe5 Rc3 33. Ra1 f5 34. Nh2 Kf6 35. Nef3 e5 36. g4 e4 37. Nd4 f4 38. g5+ hxg5 39. Ng4+ Kg6 40. Ne2 Rh3 41. hxg5 Kxg5 42. Nf2 Re3 43. Nd4 Bh5 44. Rc1 Nf6 45. Rc5+ Kg6 46. Ne6 Rf3 47. Rg5+ Kf7 48. Nd8+ Ke8 49. Rf5 Kxd8 50. Rxf6 e3 51. Nd3 e2 52. Kg2 Rxd3 0-1

[Event "NAYCC U16"]
[Site "Kingston CAN"]
[Date "2025.08.18"]
[Round "2.21"]
[White "Gao, Yiguo"]
[Black "Willy, Stephen"]
[Result "0-1"]
[WhiteElo "1650"]
[BlackElo "2242"]
[WhiteFideId "-1"]
[WhiteFideId "-1"]
[PlyCount "62"]
[GameId "2215800120050037"]
[EventDate "2025.08.18"]
[EventType "swiss"]
[EventRounds "9"]
[EventCountry "CAN"]

1. e4 e6 2. Nf3 d5 3. Nc3 Nf6 4. e5 Nfd7 5. d4 c5 6. Bg5 Qb6 7. dxc5 Bxc5 8. Qd2 Nc6 9. Na4 Qc7 10. Nxc5 Nxc5 11. Qe3 Nb4 12. Qc3 a5 13. Bb5+ Bd7 14. Bxd7+ Kxd7 15. a3 b6 16. O-O Nc6 17. Rfe1 Rhc8 18. Rad1 Ke8 19. Qe3 Kf8 20. Nd4 Nxd4 21. Rxd4 Ne4 22. c3 Qxe5 23. Bf4 Qf5 24. f3 Nc5 25. Bd6+ Kg8 26. Rf4 Qc2 27. b4 Nd3 28. Rg4 Nxe1 29. Be5 Nd3 30. Rxg7+ Kf8 31. Bd6+ Ke8 0-1

[Event "NAYCC U16"]
[Site "Kingston CAN"]
[Date "2025.08.18"]
[Round "2.22"]
[White "Muthukumaran, Gurru"]
[Black "Valluru, Neel Madhav"]
[Result "1-0"]
[WhiteElo "1939"]
[BlackElo "1504"]
[WhiteFideId "-1"]
[WhiteFideId "-1"]
[PlyCount "49"]
[GameId "2215800120050038"]
[EventDate "2025.08.18"]
[EventType "swiss"]
[EventRounds "9"]
[EventCountry "CAN"]

1. e4 e5 2. Nf3 Nc6 3. Bb5 a6 4. Ba4 Nf6 5. O-O Bc5 6. c3 b5 7. Bb3 d6 8. a4 Bb7 9. d4 Bb6 10. Re1 O-O 11. Bg5 h6 12. Bh4 g5 13. Nxg5 hxg5 14. Bxg5 exd4 15. Bd5 dxc3 16. Nxc3 Rb8 17. Bxc6 Bxc6 18. Nd5 Bxd5 19. exd5 Kh8 20. Qf3 Kg7 21. Re4 Bxf2+ 22. Kh1 Nxe4 23. Bxd8 Ng3+ 24. hxg3 Rh8+ 25. Bh4 1-0

[Event "NAYCC U16"]
[Site "Kingston CAN"]
[Date "2025.08.19"]
[Round "3.1"]
[White "Colville, Julian"]
[Black "Qian, Eric"]
[Result "1-0"]
[WhiteElo "2287"]
[BlackElo "1967"]
[WhiteFideId "-1"]
[WhiteFideId "-1"]
[PlyCount "81"]
[GameId "2216322097122748"]
[EventDate "2025.08.18"]
[EventType "swiss"]
[EventRounds "9"]
[EventCountry "CAN"]

1. e4 e5 2. Bc4 Nf6 3. d3 c6 4. Nf3 Be7 5. O-O d6 6. Bb3 O-O 7. Nc3 h6 8. d4 Qc7 9. h3 Re8 10. Be3 Bf8 11. Re1 Be6 12. Qd2 Nbd7 13. Rad1 Bxb3 14. axb3 a6 15. Nh4 b5 16. f3 b4 17. Na4 a5 18. dxe5 dxe5 19. Nf5 Rad8 20. Nd6 Re6 21. Nc4 Ree8 22. Qf2 c5 23. Rd2 Re6 24. g4 Rc8 25. Red1 Rc6 26. Rd3 Be7 27. Qh2 Re6 28. f4 Nf8 29. fxe5 Nxe4 30. Qg2 Ng5 31. h4 Ngh7 32. Nd6 Rd8 33. Bxc5 Nd7 34. Nb7 Nxc5 35. Rxd8+ Nf8 36. Nbxc5 Bxc5+ 37. Nxc5 Qxc5+ 38. Kh1 Rxe5 39. Qa8 Re2 40. Rxf8+ Qxf8 41. Rd8 1-0

[Event "NAYCC U16"]
[Site "Kingston CAN"]
[Date "2025.08.19"]
[Round "3.2"]
[White "Wang, Nathan"]
[Black "Tang, Dylan"]
[Result "1/2-1/2"]
[WhiteElo "1994"]
[BlackElo "2246"]
[WhiteFideId "-1"]
[WhiteFideId "-1"]
[PlyCount "122"]
[GameId "2216322097229255"]
[EventDate "2025.08.18"]
[EventType "swiss"]
[EventRounds "9"]
[EventCountry "CAN"]

1. e4 e5 2. Nf3 Nc6 3. Bc4 Bc5 4. c3 Nf6 5. d4 exd4 6. e5 d5 7. Bb5 Ne4 8. cxd4 Bb6 9. Nc3 O-O 10. Be3 Bg4 11. h3 Bh5 12. Qc2 Bg6 13. Qb3 Ne7 14. O-O c6 15. Bd3 Nd2 16. Nxd2 Bxd3 17. Rfe1 Bg6 18. Na4 Nf5 19. Nxb6 Qxb6 20. Qc3 f6 21. Nf3 Rae8 22. Bf4 fxe5 23. Bxe5 Qd8 24. Qb4 Rf7 25. a4 Ref8 26. Bh2 Qf6 27. Ne5 Re7 28. Re2 Rfe8 29. Rae1 Qd6 30. Qc3 Qd8 31. Kf1 Qb6 32. Ra1 Nd6 33. f3 Bf5 34. b3 Qa6 35. Kf2 Qb6 36. Kf1 Bc8 37. Rd2 Nf5 38. a5 Qc7 39. Kg1 Qd6 40. Kh1 a6 41. Rb1 Qh6 42. Re2 Nd6 43. Qc5 Nb5 44. Ng4 Qg5 45. f4 Qg6 46. Rxe7 Qxb1+ 47. Bg1 Rf8 48. Re3 Bxg4 49. hxg4 Qd1 50. Rg3 Re8 51. Qb6 Nd6 52. Qc7 Ne4 53. Rf3 Nf6 54. g5 Ne4 55. Qd7 Rf8 56. Kh2 Qe2 57. Rh3 Nf2 58. Bxf2 Qxf2 59. Qe6+ Kh8 60. Qg6 Qxf4+ 61. Kh1 Qf1+ 1/2-1/2

[Event "NAYCC U16"]
[Site "Kingston CAN"]
[Date "2025.08.19"]
[Round "3.3"]
[White "Darvekar, Yash"]
[Black "Venkatesh, Narayan"]
[Result "1/2-1/2"]
[WhiteElo "1934"]
[BlackElo "2218"]
[WhiteFideId "-1"]
[WhiteFideId "-1"]
[PlyCount "89"]
[GameId "2216322097270226"]
[EventDate "2025.08.18"]
[EventType "swiss"]
[EventRounds "9"]
[EventCountry "CAN"]

1. e4 e5 2. Nf3 Nc6 3. Bb5 a6 4. Bxc6 dxc6 5. O-O Bg4 6. h3 h5 7. d3 Qf6 8. Nbd2 g5 9. Nc4 Bxf3 10. Qxf3 Qxf3 11. gxf3 f6 12. h4 gxh4 13. Kh2 Ne7 14. Rg1 Kf7 15. f4 b5 16. Na5 exf4 17. Bxf4 Ng6 18. Be3 Ne5 19. Kh3 c5 20. Rg2 Re8 21. Bf4 c4 22. Bxe5 Rxe5 23. Nc6 Re8 24. Re1 cxd3 25. cxd3 Bh6 26. Re2 Re6 27. Rc2 Bg5 28. Nd4 Re7 29. Nf5 Rd8 30. Nxe7 Rxd3+ 31. Kh2 Bf4+ 32. Kh1 Kxe7 33. Rc3 Rd1+ 34. Rg1 Rd2 35. Kg2 Rxb2 36. Ra3 Bd6 37. Rxa6 Ke6 38. Rh1 Ke5 39. Rxh4 Rc2 40. Rxh5+ Kxe4 41. Rxb5 Be5 42. Rb4+ Bd4 43. Kg3 c5 44. Rba4 c4 45. f3+ 1/2-1/2

[Event "NAYCC U16"]
[Site "Kingston CAN"]
[Date "2025.08.19"]
[Round "3.4"]
[White "Jiang, Barron Jiyu"]
[Black "Wu, Jonathan"]
[Result "0-1"]
[WhiteElo "1883"]
[BlackElo "2130"]
[WhiteFideId "-1"]
[WhiteFideId "-1"]
[PlyCount "180"]
[GameId "2216322097290710"]
[EventDate "2025.08.18"]
[EventType "swiss"]
[EventRounds "9"]
[EventCountry "CAN"]

1. e4 c5 2. Nf3 d6 3. d4 cxd4 4. Nxd4 Nf6 5. Nc3 a6 6. Be2 e5 7. Nb3 Be7 8. Be3 Be6 9. Nd5 Nbd7 10. Qd3 O-O 11. O-O Bxd5 12. exd5 Rc8 13. c4 a5 14. Rad1 b6 15. f4 a4 16. Nd2 Nc5 17. Qb1 Nfd7 18. b4 axb3 19. axb3 exf4 20. Bxf4 b5 21. b4 Na4 22. Qb3 Bg5 23. Bxg5 Qxg5 24. Nf3 Qe7 25. Rfe1 Nab6 26. cxb5 Nf6 27. Nd4 Qd7 28. Nc6 Rfe8 29. Bf3 g6 30. Qc3 Kg7 31. Qd4 Qb7 32. g4 h6 33. Rf1 Nbd7 34. b6 Qxb6 35. Qxb6 Nxb6 36. b5 Ra8 37. Ra1 Nfxd5 38. Ra6 Rac8 39. Rd1 Nc3 40. Rd3 Nba4 41. Rxc3 Nxc3 42. b6 Re1+ 43. Kf2 Rb1 44. Na5 d5 45. b7 Rb8 46. Rc6 Ne4+ 47. Bxe4 dxe4 48. Ke3 Rb5 49. Rc8 R8xb7 50. Nxb7 Rxb7 51. Kxe4 Rb3 52. Kf4 Rh3 53. Rc2 h5 54. gxh5 Rh4+ 55. Kg3 Rxh5 56. Rc6 Ra5 57. Kg4 Ra4+ 58. Kg3 f6 59. Rb6 g5 60. Rb7+ Kg6 61. Rb8 Ra3+ 62. Kg2 g4 63. Rh8 Kg5 64. Rg8+ Kf4 65. Rb8 Ra2+ 66. Kg1 Re2 67. Rb4+ Kf3 68. Rb3+ Re3 69. Rb1 f5 70. Rf1+ Ke4 71. Kg2 f4 72. Ra1 Re2+ 73. Kg1 Kf3 74. Ra3+ Re3 75. Ra1 g3 76. hxg3 Kxg3 77. Kf1 Rb3 78. Ra8 Rb1+ 79. Ke2 f3+ 80. Ke3 Re1+ 81. Kd2 Re7 82. Rg8+ Kf2 83. Ra8 Rd7+ 84. Kc2 Kg2 85. Rg8+ Kf1 86. Rb8 f2 87. Rf8 Rd5 88. Kc3 Kg2 89. Rg8+ Kf3 90. Kc4 Rf5 0-1

[Event "NAYCC U16"]
[Site "Kingston CAN"]
[Date "2025.08.19"]
[Round "3.5"]
[White "Yang, Larry"]
[Black "Velasquez, Noah"]
[Result "1/2-1/2"]
[WhiteElo "2108"]
[BlackElo "1774"]
[WhiteFideId "-1"]
[WhiteFideId "-1"]
[PlyCount "255"]
[GameId "2216322097298903"]
[EventDate "2025.08.18"]
[EventType "swiss"]
[EventRounds "9"]
[EventCountry "CAN"]

1. e4 e5 2. Nf3 Nc6 3. Bc4 Bc5 4. c3 Nf6 5. d4 exd4 6. e5 d5 7. Be2 Ne4 8. cxd4 Bb4+ 9. Bd2 Nxd2 10. Nbxd2 O-O 11. a3 Ba5 12. b4 Bb6 13. Nb3 f6 14. b5 Ne7 15. O-O Bf5 16. a4 c6 17. a5 Bc7 18. a6 bxa6 19. bxa6 fxe5 20. Nxe5 Bxe5 21. dxe5 Ng6 22. Qd4 Qb6 23. Qxb6 axb6 24. Nd4 Nf4 25. Bf3 Bd3 26. Nxc6 Nh3+ 27. gxh3 Rxf3 28. Rfd1 Rxa6 29. Rac1 Be4 30. e6 Rf6 31. Nd4 Ra8 32. Rc6 Rg6+ 33. Kf1 Bg2+ 34. Ke2 Bxh3 35. Rd3 Bg2 36. Rdc3 Re8 37. f4 Rf6 38. f5 Be4 39. Rc8 Rff8 40. Rxe8 Rxe8 41. Ke3 Bxf5 42. Nxf5 Rxe6+ 43. Kd4 Re2 44. h3 g6 45. Nd6 Rd2+ 46. Ke5 Kg7 47. Rc7+ Kh6 48. h4 Rh2 49. Kf6 Rf2+ 50. Ke5 Rh2 51. Rc6 Kh5 52. Rxb6 Rxh4 53. Kxd5 h6 54. Ke5 Rh1 55. Ne4 Re1 56. Kf4 g5+ 57. Kf3 g4+ 58. Kf4 Rf1+ 59. Kg3 Rf3+ 60. Kg2 Re3 61. Ng3+ Kg5 62. Rb5+ Kg6 63. Rb6+ Kg5 64. Rb5+ Kg6 65. Nh5 Rf3 66. Ng3 Re3 67. Nf5 Ra3 68. Nh4+ Kg7 69. Rb4 h5 70. Rb6 Kf7 71. Rb5 Ra2+ 72. Kg3 Ra3+ 73. Kf4 Ra4+ 74. Kg5 g3 75. Kxh5 Ra2 76. Rg5 Ra3 77. Nf5 g2 78. Rxg2 Kf6 79. Rf2 Ke5 80. Kg5 Ra1 81. Re2+ Kd5 82. Re8 Rg1+ 83. Kf6 Kc5 84. Rd8 Re1 85. Ng3 Kc6 86. Kf5 Kc7 87. Rd2 Re8 88. Ne4 Kc6 89. Rc2+ Kb6 90. Nf6 Re1 91. Ne4 Rh1 92. Ke5 Rh5+ 93. Kd4 Rh4 94. Rc4 Rh1 95. Kd5 Rh5+ 96. Ke6 Rh6+ 97. Nf6 Rh1 98. Kd6 Kb5 99. Rc5+ Ka4 100. Rc6 Kb5 101. Rc8 Rh2 102. Ne4 Rh6+ 103. Kd5 Rh5+ 104. Kd4 Rh4 105. Re8 Kb6 106. Kc4 Kc7 107. Re5 Kc6 108. Kd4 Kb6 109. Kd5 Rh1 110. Nc3 Rh3 111. Re6+ Kb7 112. Ne4 Rh5+ 113. Kc4 Rh4 114. Kb5 Kc7 115. Nc5 Rh1 116. Rc6+ Kd8 117. Kc4 Rh4+ 118. Kd5 Rh1 119. Re6 Kc7 120. Re7+ Kb6 121. Rb7+ Ka5 122. Nb3+ Ka6 123. Rb4 Rh5+ 124. Kc4 Rh4+ 125. Nd4 Rh5 126. Rb1 Rh4 127. Kc5 Rh5+ 128. Kc6 1/2-1/2